Statistiken für Super Mario World Level

Klicken Sie hier um das Quiz zu spielen!

Allgemein

  • Dieses Quiz wurde 26 mal gespielt
  • Das Durchschnittsergebnis liegt bei 5 aus 9

Antwortstatistiken

WeltLevel% Korrekt
Welt 2Donut Plains / Donut Ebene
81%
Welt 6Chocolate Island / Schoko-Insel
67%
Welt 7Valley of Bowser / Bowsers Tal
67%
Welt 1Yoshis Island / Yoshis Eiland
67%
Geheimwelt #1Star World / Sternenwelt
62%
Welt 5Forest of Illusion / Wald der Illusion
57%
Welt 3Vanilla-Dom / Vanille Dom
48%
Geheimwelt #2Special World / Spezialwelt
24%
Welt 4Twin Bridges / Zwillingsbrücken
14%

Verteilung der Resultate

Perzentil nach korrekt beantworteten Fragen

Anzahl Personen mit jedem Resultat

Ihre Resultats-Entwicklung

Sie haben dieses Quiz noch nicht gespielt